000 00266nam a22001217a 4500
008 171124b xxu||||| |||| 00| 0 eng d
041 _aeng
080 _a316
100 _a50
101 _aSOC
245 _aMAN CANNOT SPEAK FOR HER
_cCAMPBELL.K,K
942 _2udc
_cBK
999 _c38509
_d38509